Statistics for Outlines of City Limits

Click here to take the quiz!

General Stats

  • This quiz has been taken 418 times
  • The average score is 3 of 12

Answer Stats

Answer% Correct
Washington, DC
75%
Chicago
62%
Paris
44%
Amsterdam
43%
Miami
21%
Cape Town
20%
Shanghai
18%
Tokyo
18%
Istanbul
16%
Rio
5%
Dakar
4%
Doha
4%

Score Distribution

Percentile by Number Answered

Percent of People with Each Score

Your Score History

You have not taken this quiz